Statistiques concernant Devinez le Pays Mystère #86

Cliquez ici pour prendre le quiz!

Statistiques générales

  • Ce quiz a été pris 296 fois
  • Le résultat moyen est 9 sur 11

Statistiques - réponses

Type de RéponseRéponse% Correct
Lettre TrouvéeÉ
97%
Lettre Bien PlacéeO
86%
Lettre TrouvéeO
86%
Lettre TrouvéeR
84%
Lettre Bien PlacéeÉ
81%
Lettre TrouvéeP
81%
Lettre Bien PlacéeR
78%
Lettre TrouvéeU
73%
Lettre Bien PlacéeP
70%
Pays MystèrePérou
70%
Lettre Bien PlacéeU
70%

Distribution des résultats

Percentile par nombre de réponses

% des personnes avec chaque résultat

Votre développement - résultats

Vous n’avez pas pris ce quiz